00443nam a2200157Ia 45000010006000000050017000060080041000230410008000640820015000721000035000872450110001222600009002323000028002416500008002696540008002772033520260306172758.0260306t2003||||xx |||||||||||||| ||spa|| aESP a343.2bD71 aDíaz Revorio, F. JaviereAUT 0aLa interpretación constitucional de la ley:blas sentencias interpretativas del Tribunal Constitucional c2003 a445 páginas :c21 cm. aGEN aCDE